Langsame Annäherung: Mission als gemeinsames Thema der Ökumene
| Main Author: | |
|---|---|
| Format: | Print Article |
| Language: | German |
| Check availability: | HBZ Gateway |
| Interlibrary Loan: | Interlibrary Loan for the Fachinformationsdienste (Specialized Information Services in Germany) |
| Published: |
2024
|
| In: |
Jahrbuch Mission
Year: 2024, Volume: 56, Pages: 149-154 |
| RelBib Classification: | KAJ Church history 1914-; recent history KBB German language area KDJ Ecumenism RJ Mission; missiology ZG Media studies; Digital media; Communication studies |
MARC
| LEADER | 00000caa a22000002c 4500 | ||
|---|---|---|---|
| 001 | 1898215065 | ||
| 003 | DE-627 | ||
| 005 | 20240822121617.0 | ||
| 007 | tu | ||
| 008 | 240809s2024 xx ||||| 00| ||ger c | ||
| 035 | |a (DE-627)1898215065 | ||
| 035 | |a (DE-599)KXP1898215065 | ||
| 040 | |a DE-627 |b ger |c DE-627 |e rda | ||
| 041 | |a ger | ||
| 084 | |a 1 |2 ssgn | ||
| 100 | 1 | |e VerfasserIn |0 (DE-588)1152850563 |0 (DE-627)1014119235 |0 (DE-576)184413443 |4 aut |a Dutz, Freddy | |
| 109 | |a Dutz, Freddy | ||
| 245 | 1 | 0 | |a Langsame Annäherung |b Mission als gemeinsames Thema der Ökumene |
| 264 | 1 | |c 2024 | |
| 336 | |a Text |b txt |2 rdacontent | ||
| 337 | |a ohne Hilfsmittel zu benutzen |b n |2 rdamedia | ||
| 338 | |a Band |b nc |2 rdacarrier | ||
| 601 | |a Langsamkeit | ||
| 601 | |a Annäherung | ||
| 601 | |a Mission | ||
| 601 | |a Gemeinsamkeit | ||
| 652 | |a KAJ:KBB:KDJ:RJ:ZG | ||
| 773 | 0 | 8 | |i Enthalten in |t Jahrbuch Mission |d Trier : ruach.jetzt GmbH, 1986 |g 56(2024), Seite 149-154 |w (DE-627)129582077 |w (DE-600)232798-3 |w (DE-576)015075656 |x 0931-248X |7 nnas |
| 773 | 1 | 8 | |g volume:56 |g year:2024 |g pages:149-154 |
| 935 | |a mteo | ||
| 951 | |a AR | ||
| ELC | |b 1 | ||
| ITA | |a 1 |t 1 | ||
| LOK | |0 000 xxxxxcx a22 zn 4500 | ||
| LOK | |0 001 4564117017 | ||
| LOK | |0 003 DE-627 | ||
| LOK | |0 004 1898215065 | ||
| LOK | |0 005 20240822121617 | ||
| LOK | |0 008 240809||||||||||||||||ger||||||| | ||
| LOK | |0 035 |a (DE-Tue135)129582077_56_2024_149 | ||
| LOK | |0 040 |a DE-Tue135 |c DE-627 |d DE-Tue135 | ||
| LOK | |0 092 |o n | ||
| LOK | |0 852 |a DE-Tue135 | ||
| LOK | |0 852 1 |9 00 | ||
| LOK | |0 935 |a imwa |a ixzs | ||
| LOK | |0 936ln |0 1442053240 |a RJ | ||
| LOK | |0 936ln |0 1442050608 |a KDJ | ||
| LOK | |0 936ln |0 1442044721 |a KBB | ||
| LOK | |0 936ln |0 1442044640 |a KAJ | ||
| LOK | |0 936ln |0 1764172264 |a ZG | ||
| LOK | |0 939 |a 09-08-24 |b l01 | ||
| ORI | |a SA-MARC-ixtheoa001.raw | ||
| REL | |a 1 | ||
| SUB | |a REL | ||



